| 000 | 00621nam a22002177a 4500 | ||
|---|---|---|---|
| 999 |
_c3319 _d3319 |
||
| 003 | AR-CdUCM | ||
| 008 | 190306b ||||| |||| 00| 0 spa d | ||
| 040 |
_aMUNICIPALIDAD PROVINCIAL DEL CUSCO _cBIBLIOTECA MUNICIPAL DEL CUSCO |
||
| 082 |
_a877.7 / _bJ95 |
||
| 100 |
_aJuvenal _911029 |
||
| 245 | _aSátiras / | ||
| 260 |
_aMadrid : _bMediterráneo, _c1966. |
||
| 300 |
_a158 páginas _c19 cm. |
||
| 440 |
_n42 _911030 |
||
| 500 | _aAutor: Décimo Junio Juvenal. | ||
| 650 |
_aSátira latina _911031 |
||
| 650 |
_aEstoicismo _911032 |
||
| 700 |
_aEspina, A. (traductor) _911033 |
||
| 942 |
_2ddc _cLIBROS |
||
| 945 | _aafb | ||